zpět

Detail výsledku týmu

A-Sport, Hradec Králové

Datum a čas kvízu

33 Celkem bodů Celkový počet nahraných bodů na tomto kvízu bez doplňovacích otázek.
11. Pořadí na kvízu Konečné umístění týmu na tomto kvízu.

Zaznamenané odpovědi

# Otázka Odpověď Body Výsledky
1. Osm lidí včetně jednoho Čecha... v Burkině Faso 1
2. Nejen u nás, ale i v jedné sou... v Polsku 0
3. Minulou středu měla premiéru t... Naked Attraction 1
4. V letošním roce byla udělena N... C 0
5. Hokejová extraliga zažila v mi... HC Sparta Praha, HC Dynamo Pardubice 0.5
6. Rozdělení Římské říše mezi Hon... na konci 4. století 1
7. Ve 14. století Evropu sevřela... D 0
8. Adolf Hitler se nepoučil z výs... 6. armáda, (Friedrich) Paulus 0.5
9. Jak se jednoslovně nazývá tent... Watergate 0
10. Jak moc velkou chybou byl či n... A 0